Geografía cultural e histórica de Turmequé : (Registro nro. 6360)

Detalles MARC
000 -LEADER
fixed length control field 01370nam a2200253Ia 4500
003 - CONTROL NUMBER IDENTIFIER
control field OSt
005 - DATE AND TIME OF LATEST TRANSACTION
control field 20200918132858.0
008 - FIXED-LENGTH DATA ELEMENTS--GENERAL INFORMATION
fixed length control field 191128s2014 ck aodbgr 000 0dspa d
020 ## - INTERNATIONAL STANDARD BOOK NUMBER
International Standard Book Number 9789585841130
040 ## - CATALOGING SOURCE
Original cataloging agency CO-JMCR
Transcribing agency CO-JMCR
041 0# - LANGUAGE CODE
Language code of text/sound track or separate title spa
082 04 - DEWEY DECIMAL CLASSIFICATION NUMBER
Classification number 911.86137 /
Item number B275g
Edition number 23
100 1# - MAIN ENTRY--PERSONAL NAME
Personal name Bernal Duffo, Eufrasio,
Relator term autor
9 (RLIN) 10406
245 10 - TITLE STATEMENT
Title Geografía cultural e histórica de Turmequé :
Remainder of title ilustrada /
Statement of responsibility, etc. Eufrasio Bernal Duffo
260 ## - PUBLICATION, DISTRIBUTION, ETC.
Place of publication, distribution, etc. Bogotá :
Name of publisher, distributor, etc. Sociedad Geográfica de Colombia,
Date of publication, distribution, etc. 2014
300 ## - PHYSICAL DESCRIPTION
Extent 376 páginas :
Other physical details ilustraciones, fotografías, gráficos, mapas, pinturas y retratos a blanco y negro ;
Dimensions 23 cm.
500 ## - GENERAL NOTE
General note Incluye datos biográficos del autor.
505 0# - FORMATTED CONTENTS NOTE
Formatted contents note Ubicación conceptual -- Aspectos generales -- Síntesis histórica -- Manifestaciones religiosas -- Fiestas y eventos -- Artes plásticas -- La pintura mural del templo de Turmequé -- Museos -- Manifestaciones musicales -- Manifestaciones lingüisticas
520 3# - SUMMARY, ETC.
Summary, etc. La Sociedad Geográfica de Colombia, convencida de que se debe "pensar globalmente pero pensar localmente", ha puesto sus ojos en los territorios, que son la cédula primordial del tejido regional y este del tejido de la nación
650 14 - SUBJECT ADDED ENTRY--TOPICAL TERM
Topical term or geographic name entry element Ensayos Colombiano
Chronological subdivision Siglo XXI
9 (RLIN) 10521
650 14 - SUBJECT ADDED ENTRY--TOPICAL TERM
Topical term or geographic name entry element Turmequé
Geographic subdivision Boyacá(Colombia)
9 (RLIN) 10522
650 14 - SUBJECT ADDED ENTRY--TOPICAL TERM
Topical term or geographic name entry element Costumbres populares
9 (RLIN) 10523
942 ## - ADDED ENTRY ELEMENTS (KOHA)
Source of classification or shelving scheme Dewey Decimal Classification
Koha item type Books
Existencias
Withdrawn status Lost status Source of classification or shelving scheme Damaged status Not for loan Collection code Home library Current library Date acquired Source of acquisition Full call number Barcode Date last seen Copy number Koha item type
    Dewey Decimal Classification     Non-fiction Biblioteca Pública José María del Castillo y Rada Biblioteca Pública José María del Castillo y Rada 10/25/2016 Donación 911.86137 / B275g 430013143 05/16/2024 Ej.1 Books